Cycling - Winners of Consecutive Tour de France Individual Stages since 1990 - Statistics

General Stats
  • This quiz has been taken 316 times
    237 since last reset
  • The average score is 13 of 23
Answer Stats
No. Stages Nationality Cyclist % Correct
2 2008 - #13 & 14 United Kingdom Mark Cavendish
94%
2 2009 - #3 & 4 United Kingdom Mark Cavendish
94%
2 2009 - #10 & 11 United Kingdom Mark Cavendish
94%
2 2010 - #8 & 9 United Kingdom Mark Cavendish
94%
2 2014 - #3 & 4 Germany Marcel Kittel
88%
2 2017 - #6 & 7 Germany Marcel Kittel
88%
2 2017 - #10 & 11 Germany Marcel Kittel
88%
2 2012 - #4 & 5 Germany Andre Greipel
73%
2 2018 - #11 & 12 United Kingdom Geraint Thomas
73%
2 2005 - #2 & 3 Belgium Tom Boonen
65%
4 1999 - #4, 5, 6, & 7 Italy Mario Cipollini
60%
2 1997 - #1 & 2 Italy Mario Cipollini
60%
2 1998 - #5 & 6 Italy Mario Cipollini
60%
2 2018 - #7 & 8 Netherlands Dylan Groenewegen
55%
2 1997 - #12 & 13 Germany Erik Zabel
45%
2 2003 - #5 & 6 Italy Alessandro Petacchi
42%
2 2013 - #3 & 4 Australia Simon Gerrans
31%
2 1999 - #2 & 3 Belgium Tom Steels
28%
2 2000 - #2 & 3 Belgium Tom Steels
28%
2 1994 - #18 & 19 Latvia Piotr Ugrumov
13%
2 1993 - #10 & 11 Switzerland Toni Rominger
8%
2 1991 - #11 & 12 France Charly Mottet
6%
2 1991 - #20 & 21 Russia Viatcheslav Ekimov
1%
No matching quizzes found
Score Distribution
Percent of People with Each Score
Percentile by Number Answered
Your Score History
You have not taken this quiz since the last reset